|
|
|
|
| LEADER |
01430nam a2200277 i 4500 |
| 003 |
BD-DhAAL |
| 008 |
130929t2012 bg f000 0 eng |
| 037 |
|
|
|b Complementary copy
|
| 040 |
|
|
|a DLC
|b eng
|d BD-DhAAL
|
| 050 |
0 |
0 |
|a HD1698.B3
|b N38 2012
|
| 082 |
|
|
|2 21
|a 363.61095492
|
| 245 |
0 |
0 |
|a National cost sharing strategy for water supply and sanitation in Bangladesh 2012,
|p Volume 1 : main report /
|
| 260 |
|
|
|a Dhaka :
|b Local Government Division, Ministry of Local Government, Rural Development & Cooperatives,
|c 2012.
|
| 300 |
|
|
|a 35 pages :
|b illustrations ;
|c 28 cm.
|
| 505 |
1 |
|
|a Volume I. Main Report
|
| 526 |
|
|
|a AAL
|
| 541 |
|
|
|a Complementary copy
|e 31332
|
| 650 |
|
0 |
|a Water-supply
|x Government policy
|z Bangladesh.
|9 24127
|
| 650 |
|
0 |
|a Water-supply
|x Rates
|z Bangladesh.
|9 24128
|
| 650 |
|
0 |
|a Sanitation
|x Government policy
|z Bangladesh.
|9 24129
|
| 710 |
1 |
|
|a Bangladesh.
|b Sthānīẏa Sarakāra Bibhāga.
|9 24130
|
| 710 |
1 |
|
|a Government of the People's Republic of Bangladesh
|b Local Government Division,
|b Ministry of Local Government, Rural Development and Cooperatives
|9 24131
|
| 852 |
|
|
|a Ayesha Abed Library
|c General Stacks
|
| 942 |
|
|
|2 ddc
|c BK
|
| 999 |
|
|
|c 38693
|d 38693
|
| 952 |
|
|
|0 0
|1 0
|2 ddc
|4 0
|6 363_610954920000000_NAT
|7 0
|9 62086
|a BRACUL
|b BRACUL
|c GEN
|d 2017-11-30
|e Complementary copy
|l 0
|o 363.61095492 NAT
|p 3010031332
|r 2017-11-30
|t 1
|w 2017-11-30
|y BK
|x Koha Inventory 2020 ; Previously missing book recovered on 09 September 2025
|